[Event "Landsturneringen 2017"]
[Site "Clarion Energy Hotel, Stavanger"]
[Date "2017.07.05"]
[Round "6"]
[White "Mihajlov, Sebastian"]
[Black "Grønn, Atle"]
[Result "0-1"]
[WhiteElo "2414"]
[BlackElo "2331"]
[PlyCount "72"]

1. d4 {[%clk 1:30:33]} e6 {[%clk 1:30:55]} 2. c4 {[%clk 1:30:57]} f5
{[%clk 1:31:21]} 3. Nc3 {[%clk 1:31:20]} Nf6 {[%clk 1:31:45]} 4. e3
{[%clk 1:31:42]} b6 {[%clk 1:32:10]} 5. Bd3 {[%clk 1:31:57]} Bb7 {[%clk 1:32:34]}
6. f3 {[%clk 1:32:22]} g6 {[%clk 1:32:55]} 7. Nge2 {[%clk 1:32:22]} Bg7
{[%clk 1:33:20]} 8. O-O {[%clk 1:31:38]} c5 {[%clk 1:32:59]} 9. d5
{[%clk 1:24:47]} exd5 {[%clk 1:27:23]} 10. cxd5 {[%clk 1:24:59]} O-O
{[%clk 1:02:18]} 11. e4 {[%clk 1:22:11]} fxe4 {[%clk 1:01:00]} 12. fxe4
{[%clk 1:22:33]} Ng4 {[%clk 1:00:33]} 13. h3 {[%clk 1:17:28]} Rxf1+
{[%clk 0:59:32]} 14. Qxf1 {[%clk 1:17:49]} Ne5 {[%clk 0:59:42]} 15. Bc2
{[%clk 1:18:14]} Ba6 {[%clk 0:57:02]} 16. Qd1 {[%clk 1:16:54]} Qh4
{[%clk 0:45:14]} 17. a4 {[%clk 1:12:26]} d6 {[%clk 0:42:28]} 18. Nf4
{[%clk 1:11:18]} Qg3 {[%clk 0:28:48]} 19. Ne6 {[%clk 1:02:36]} Nbd7
{[%clk 0:22:04]} 20. Bf4 {[%clk 1:01:54]} Qh4 {[%clk 0:21:51]} 21. Nb5
{[%clk 0:52:36]} Bxb5 {[%clk 0:20:57]} 22. axb5 {[%clk 0:37:03]} Nc4
{[%clk 0:19:48]} 23. Qe2 {[%clk 0:34:18]} Bd4+ {[%clk 0:16:10]} 24. Kh2
{[%clk 0:32:26]} Nde5 {[%clk 0:15:09]} 25. Rf1 {[%clk 0:31:25]} Qe7
{[%clk 0:13:28]} 26. Bg5 {[%clk 0:30:30]} Qd7 {[%clk 0:13:30]} 27. Bb3
{[%clk 0:27:12]} Qxb5 {[%clk 0:07:16]} 28. Ba2 {[%clk 0:23:54]} Rc8
{[%clk 0:02:04]} 29. Bh6 {[%clk 0:20:13]} a6 {[%clk 0:00:46]} 30. Kh1
{[%clk 0:10:19]} Ne3 {[%clk 0:00:45]} 31. Qxb5 {[%clk 0:08:29]} axb5
{[%clk 0:01:14]} 32. Re1 {[%clk 0:08:48]} Nc2 {[%clk 0:01:00]} 33. Rc1
{[%clk 0:08:09]} Be3 {[%clk 0:00:53]} 34. Bxe3 {[%clk 0:07:47]} Nxe3 35. Rc3 N3c4
{[%clk 0:01:01]} 36. b3 {[%clk 0:05:57]} Nd2 {[%clk 0:01:47]}
0-1

[Event "Landsturneringen 2017"]
[Site "Clarion Energy Hotel, Stavanger"]
[Date "2017.07.05"]
[Round "6"]
[White "Løvik, Lasse Østebø"]
[Black "Fossan, Erik"]
[Result "0-1"]
[WhiteElo "2400"]
[BlackElo "2347"]
[PlyCount "58"]

1. Nf3 {[%clk 1:30:52]} Nf6 {[%clk 1:29:18]} 2. c4 {[%clk 1:31:02]} c5
{[%clk 1:28:34]} 3. Nc3 {[%clk 1:30:19]} d5 {[%clk 1:28:10]} 4. cxd5
{[%clk 1:30:11]} Nxd5 {[%clk 1:28:38]} 5. g3 {[%clk 1:29:27]} Nc6
{[%clk 1:26:29]} 6. Bg2 {[%clk 1:29:05]} g6 {[%clk 1:26:20]} 7. d3
{[%clk 1:23:46]} Bg7 {[%clk 1:25:56]} 8. Bd2 {[%clk 1:22:52]} O-O
{[%clk 1:25:26]} 9. Qc1 {[%clk 1:20:51]} Nc7 {[%clk 1:01:43]} 10. Bh6
{[%clk 1:17:10]} Nd4 {[%clk 0:56:56]} 11. h4 {[%clk 1:01:52]} Nc2+
{[%clk 0:35:21]} 12. Kf1 {[%clk 0:46:10]} Nxa1 {[%clk 0:35:28]} 13. h5
{[%clk 0:46:22]} g5 {[%clk 0:25:30]} 14. Bxg7 {[%clk 0:37:27]} Kxg7
{[%clk 0:25:56]} 15. Qxg5+ {[%clk 0:36:26]} Kh8 {[%clk 0:26:23]} 16. Ne5
{[%clk 0:25:52]} f6 {[%clk 0:16:42]} 17. Ng6+ {[%clk 0:24:46]} Kg7
{[%clk 0:17:00]} 18. h6+ {[%clk 0:22:52]} Kf7 {[%clk 0:17:28]} 19. Ne5+
{[%clk 0:17:40]} fxe5 {[%clk 0:17:56]} 20. Qh5+ {[%clk 0:15:53]} Kg8
{[%clk 0:17:18]} 21. Qg5+ {[%clk 0:15:02]} Kf7 {[%clk 0:17:47]} 22. Qh5+
{[%clk 0:15:25]} Ke6 {[%clk 0:12:47]} 23. Ne4 {[%clk 0:14:22]} Nc2
{[%clk 0:12:18]} 24. Nxc5+ {[%clk 0:10:39]} Kd6 {[%clk 0:11:42]} 25. Ne4+
{[%clk 0:11:02]} Kc6 {[%clk 0:11:28]} 26. Nd2+ {[%clk 0:08:02]} Nd5
{[%clk 0:10:35]} 27. Rh4 {[%clk 0:06:23]} Nce3+ {[%clk 0:08:46]} 28. Kg1
{[%clk 0:06:47]} Rf5 {[%clk 0:07:06]} 29. Bxd5+ {[%clk 0:05:53]} Qxd5
{[%clk 0:07:30]}
0-1

[Event "Landsturneringen 2017"]
[Site "Clarion Energy Hotel, Stavanger"]
[Date "2017.07.05"]
[Round "6"]
[White "Machlik, Endre"]
[Black "Kaasen, Tor Fredrik"]
[Result "0-1"]
[WhiteElo "2194"]
[BlackElo "2402"]
[PlyCount "114"]

1. d4 {[%clk 1:30:57]} Nf6 {[%clk 1:30:43]} 2. c4 {[%clk 1:31:22]} e6
{[%clk 1:31:09]} 3. Nc3 {[%clk 1:31:41]} Bb4 {[%clk 1:31:34]} 4. Qc2
{[%clk 1:31:55]} b6 {[%clk 1:31:58]} 5. a3 {[%clk 1:32:16]} Bxc3+
{[%clk 1:32:11]} 6. Qxc3 {[%clk 1:32:41]} Bb7 {[%clk 1:32:37]} 7. f3
{[%clk 1:31:41]} d6 {[%clk 1:31:36]} 8. Bg5 {[%clk 1:30:55]} Nbd7
{[%clk 1:30:45]} 9. e3 {[%clk 1:29:30]} O-O {[%clk 1:29:55]} 10. Bd3
{[%clk 1:28:45]} Rc8 {[%clk 1:29:37]} 11. Ne2 {[%clk 1:27:41]} c5
{[%clk 1:29:13]} 12. O-O {[%clk 1:20:22]} cxd4 {[%clk 1:26:50]} 13. exd4
{[%clk 1:20:32]} d5 {[%clk 1:27:11]} 14. b3 {[%clk 1:19:01]} Re8 {[%clk 1:22:41]}
15. Rfd1 {[%clk 1:10:27]} Qe7 {[%clk 1:21:21]} 16. Qb4 {[%clk 1:06:19]} Qd8
{[%clk 1:13:18]} 17. Rac1 {[%clk 1:01:56]} Rc6 {[%clk 1:04:05]} 18. Nc3
{[%clk 0:44:32]} h6 {[%clk 0:57:50]} 19. Bh4 {[%clk 0:42:01]} a5 {[%clk 0:43:56]}
20. Qa4 {[%clk 0:40:57]} Rc8 {[%clk 0:42:35]} 21. cxd5 {[%clk 0:35:41]} exd5
{[%clk 0:42:12]} 22. Bb5 {[%clk 0:30:04]} Re3 {[%clk 0:36:26]} 23. Ne2
{[%clk 0:28:09]} Rxc1 {[%clk 0:32:50]} 24. Rxc1 {[%clk 0:24:47]} Qe7
{[%clk 0:32:40]} 25. Kf1 {[%clk 0:16:24]} Nf8 {[%clk 0:29:54]} 26. Bf2
{[%clk 0:11:24]} Re6 {[%clk 0:27:11]} 27. Nf4 {[%clk 0:11:38]} Rd6
{[%clk 0:27:07]} 28. Bg3 {[%clk 0:11:38]} Qe3 {[%clk 0:23:46]} 29. Ne2
{[%clk 0:10:18]} Rd8 {[%clk 0:21:15]} 30. Rc7 {[%clk 0:07:15]} Bc8
{[%clk 0:17:05]} 31. Bf4 {[%clk 0:07:04]} Qe6 {[%clk 0:17:32]} 32. Rc6
{[%clk 0:07:06]} Qf5 {[%clk 0:17:55]} 33. Rxb6 {[%clk 0:05:07]} Ne6
{[%clk 0:17:30]} 34. Rxe6 {[%clk 0:03:26]} Bxe6 {[%clk 0:17:32]} 35. Qxa5
{[%clk 0:03:49]} Rc8 {[%clk 0:17:16]} 36. Qe1 {[%clk 0:00:56]} g5
{[%clk 0:16:33]} 37. Be5 {[%clk 0:01:01]} Bd7 {[%clk 0:15:12]} 38. a4
{[%clk 0:00:34]} Bxb5 {[%clk 0:14:53]} 39. axb5 {[%clk 0:01:00]} Nd7
{[%clk 0:14:58]} 40. Bd6 {[%clk 0:00:45]} Qd3 {[%clk 0:15:12]} 41. b4
{[%clk 0:20:29]} Rc2 {[%clk 0:43:58]} 42. Bc5 {[%clk 0:19:54]} Rb2
{[%clk 0:41:19]} 43. Kf2 {[%clk 0:20:10]} Nxc5 {[%clk 0:41:34]} 44. dxc5
{[%clk 0:20:28]} Qxb5 {[%clk 0:41:34]} 45. Qd1 {[%clk 0:20:02]} Qc4
{[%clk 0:41:53]} 46. c6 {[%clk 0:19:36]} Qxc6 {[%clk 0:41:11]} 47. Qd4
{[%clk 0:19:52]} Rc2 {[%clk 0:41:02]} 48. h4 {[%clk 0:17:46]} Qc4
{[%clk 0:39:56]} 49. Qe5 {[%clk 0:15:43]} Qxh4+ {[%clk 0:39:55]} 50. Ke3
{[%clk 0:16:10]} Qxb4 {[%clk 0:39:37]} 51. Qxd5 {[%clk 0:16:20]} Qe7+
{[%clk 0:39:49]} 52. Qe4 {[%clk 0:16:45]} Qxe4+ {[%clk 0:40:13]} 53. fxe4
{[%clk 0:17:10]} Kg7 {[%clk 0:40:30]} 54. g4 {[%clk 0:17:34]} Kf6
{[%clk 0:40:21]} 55. Ng3 {[%clk 0:16:04]} Rc3+ {[%clk 0:40:41]} 56. Kf2
{[%clk 0:16:31]} Rxg3 {[%clk 0:41:04]} 57. Kxg3 Ke5 {[%clk 0:41:29]}
0-1

[Event "Landsturneringen 2017"]
[Site "Clarion Energy Hotel, Stavanger"]
[Date "2017.07.06"]
[Round "7"]
[White "Tari, Aryan"]
[Black "Hammer, Jon Ludvig"]
[Result "1/2-1/2"]
[WhiteElo "2593"]
[BlackElo "2628"]
[PlyCount "55"]

1. e4 {[%clk 1:30:37]} e5 {[%clk 1:30:58]} 2. Nf3 {[%clk 1:30:19]} Nc6
{[%clk 1:31:21]} 3. Bb5 {[%clk 1:30:34]} Nf6 {[%clk 1:31:44]} 4. d3
{[%clk 1:30:38]} Bc5 {[%clk 1:32:06]} 5. Bxc6 {[%clk 1:30:42]} dxc6
{[%clk 1:32:23]} 6. Nbd2 {[%clk 1:30:53]} O-O {[%clk 1:28:05]} 7. O-O
{[%clk 1:30:32]} Re8 {[%clk 1:27:17]} 8. Nc4 {[%clk 1:30:18]} Nd7
{[%clk 1:27:31]} 9. Bd2 {[%clk 1:28:58]} f6 {[%clk 1:25:34]} 10. a4
{[%clk 1:27:24]} Be7 {[%clk 1:13:44]} 11. Bc3 {[%clk 1:19:45]} c5
{[%clk 1:12:51]} 12. Nh4 {[%clk 1:15:20]} Nf8 {[%clk 1:12:08]} 13. Nf5
{[%clk 1:13:38]} Ne6 {[%clk 1:12:26]} 14. Qg4 {[%clk 1:11:01]} g6
{[%clk 1:05:56]} 15. Nxe7+ {[%clk 1:05:57]} Qxe7 {[%clk 1:06:16]} 16. Qg3
{[%clk 1:04:22]} Nf4 {[%clk 1:03:31]} 17. Qe3 {[%clk 0:59:49]} Be6
{[%clk 1:01:14]} 18. Nd2 {[%clk 0:49:18]} Bd7 {[%clk 0:54:09]} 19. b3
{[%clk 0:41:52]} Rad8 {[%clk 0:50:31]} 20. Nc4 {[%clk 0:33:45]} b6
{[%clk 0:39:12]} 21. g3 {[%clk 0:30:53]} Ne6 {[%clk 0:39:41]} 22. f4
{[%clk 0:30:33]} Nd4 {[%clk 0:36:08]} 23. Rf2 {[%clk 0:26:24]} Rf8
{[%clk 0:33:27]} 24. Raf1 {[%clk 0:21:40]} Bh3 {[%clk 0:33:27]} 25. Re1
{[%clk 0:21:58]} Be6 {[%clk 0:32:19]} 26. Ref1 {[%clk 0:18:38]} Bh3
{[%clk 0:30:46]} 27. Re1 {[%clk 0:19:01]} Be6 {[%clk 0:31:11]} 28. Ref1
{[%clk 0:18:03]}
1/2-1/2

[Event "Landsturneringen 2017"]
[Site "Clarion Energy Hotel, Stavanger"]
[Date "2017.07.06"]
[Round "7"]
[White "Agdestein, Simen"]
[Black "Haug, Johannes"]
[Result "1-0"]
[WhiteElo "2604"]
[BlackElo "2335"]
[PlyCount "83"]

1. c4 {[%clk 1:30:29]} Nf6 {[%clk 1:29:41]} 2. Nc3 {[%clk 1:30:54]} e6
{[%clk 1:29:46]} 3. e4 {[%clk 1:31:10]} d5 {[%clk 1:29:48]} 4. cxd5
{[%clk 1:31:28]} exd5 {[%clk 1:30:01]} 5. e5 {[%clk 1:31:54]} Ne4
{[%clk 1:26:28]} 6. Nf3 {[%clk 1:32:18]} Bf5 {[%clk 1:25:37]} 7. d4
{[%clk 1:31:11]} Bb4 {[%clk 1:16:25]} 8. Bd2 {[%clk 1:31:22]} Nxd2
{[%clk 1:12:03]} 9. Qxd2 {[%clk 1:30:06]} O-O {[%clk 1:08:35]} 10. Bd3
{[%clk 1:20:31]} Be4 {[%clk 0:57:53]} 11. Bxe4 {[%clk 1:02:26]} dxe4
{[%clk 0:57:49]} 12. Ng5 {[%clk 1:01:43]} c5 {[%clk 0:44:43]} 13. d5
{[%clk 0:54:31]} e3 {[%clk 0:42:06]} 14. Qxe3 {[%clk 0:54:13]} Qxd5
{[%clk 0:42:20]} 15. O-O {[%clk 0:51:46]} Bxc3 {[%clk 0:39:52]} 16. bxc3
{[%clk 0:51:11]} Nc6 {[%clk 0:28:30]} 17. f4 {[%clk 0:51:20]} Rad8
{[%clk 0:28:24]} 18. Rae1 {[%clk 0:47:53]} Qd3 {[%clk 0:15:57]} 19. Qxc5
{[%clk 0:46:10]} Rd5 {[%clk 0:16:10]} 20. Qe3 {[%clk 0:45:04]} Rfd8
{[%clk 0:15:29]} 21. Ne4 {[%clk 0:40:23]} Qxe3+ {[%clk 0:14:33]} 22. Rxe3
{[%clk 0:40:50]} Ra5 {[%clk 0:14:56]} 23. Re2 {[%clk 0:39:42]} Rd3
{[%clk 0:13:39]} 24. Rb1 {[%clk 0:27:14]} b6 {[%clk 0:12:42]} 25. Kf2
{[%clk 0:27:15]} h6 {[%clk 0:05:04]} 26. h4 {[%clk 0:26:34]} Ne7 {[%clk 0:04:39]}
27. g3 {[%clk 0:21:57]} Nd5 {[%clk 0:01:16]} 28. Rb3 {[%clk 0:20:14]} b5
{[%clk 0:01:45]} 29. Rc2 {[%clk 0:13:58]} b4 {[%clk 0:00:32]} 30. c4
{[%clk 0:06:06]} Nc3 {[%clk 0:00:54]} 31. Nxc3 {[%clk 0:05:46]} Rxc3
{[%clk 0:01:13]} 32. Rbxc3 {[%clk 0:05:19]} bxc3 {[%clk 0:01:38]} 33. Ke3
{[%clk 0:05:06]} Kf8 {[%clk 0:01:39]} 34. h5 {[%clk 0:02:30]} Ke7
{[%clk 0:00:57]} 35. Kd4 {[%clk 0:02:44]} Ra3 {[%clk 0:00:31]} 36. Kc5
{[%clk 0:02:27]} a5 {[%clk 0:00:39]} 37. Kb5 {[%clk 0:02:11]} f6 {[%clk 0:00:45]}
38. exf6+ {[%clk 0:02:08]} gxf6 {[%clk 0:01:10]} 39. g4 {[%clk 0:02:28]} Kd6
{[%clk 0:01:31]} 40. c5+ {[%clk 0:02:31]} Ke7 {[%clk 0:01:45]} 41. c6
{[%clk 0:02:25]} Kd8 {[%clk 0:02:10]} 42. g5 {[%clk 0:02:23]}
1-0

[Event "Landsturneringen 2017"]
[Site "Clarion Energy Hotel, Stavanger"]
[Date "2017.07.06"]
[Round "7"]
[White "Elsness, Frode"]
[Black "Lie, Kjetil A."]
[Result "1-0"]
[WhiteElo "2466"]
[BlackElo "2539"]
[PlyCount "101"]

1. d4 {[%clk 1:29:17]} Nf6 {[%clk 1:30:37]} 2. c4 {[%clk 1:29:42]} e6
{[%clk 1:30:57]} 3. Nf3 {[%clk 1:30:08]} d5 {[%clk 1:31:02]} 4. g3
{[%clk 1:30:31]} Be7 {[%clk 1:31:08]} 5. Bg2 {[%clk 1:30:56]} O-O
{[%clk 1:31:18]} 6. O-O {[%clk 1:31:23]} dxc4 {[%clk 1:31:42]} 7. Qc2
{[%clk 1:30:21]} a6 {[%clk 1:31:18]} 8. a4 {[%clk 1:30:01]} Bd7 {[%clk 1:30:42]}
9. Qxc4 {[%clk 1:30:09]} Bc6 {[%clk 1:30:38]} 10. Bf4 {[%clk 1:30:05]} Bd6
{[%clk 1:30:17]} 11. Qc1 {[%clk 1:29:50]} Nbd7 {[%clk 1:19:16]} 12. Nc3
{[%clk 1:25:41]} b5 {[%clk 1:17:00]} 13. Nb1 {[%clk 0:49:34]} Bd5
{[%clk 1:11:46]} 14. Nc3 {[%clk 0:49:54]} Bc6 {[%clk 1:10:29]} 15. Nb1
{[%clk 0:41:45]} Bd5 {[%clk 0:46:10]} 16. Qe3 {[%clk 0:37:12]} Qb8
{[%clk 0:44:26]} 17. Nc3 {[%clk 0:30:45]} bxa4 {[%clk 0:29:30]} 18. Nxa4
{[%clk 0:28:54]} Bc6 {[%clk 0:26:21]} 19. Qc1 {[%clk 0:26:25]} Qb7
{[%clk 0:25:49]} 20. Rd1 {[%clk 0:20:29]} Rfb8 {[%clk 0:22:35]} 21. Rd2
{[%clk 0:20:11]} Be4 {[%clk 0:11:50]} 22. Nc3 {[%clk 0:18:41]} Bc6
{[%clk 0:12:16]} 23. Rc2 {[%clk 0:18:00]} Nb6 {[%clk 0:11:28]} 24. Ne1
{[%clk 0:14:45]} Bxg2 {[%clk 0:11:40]} 25. Nxg2 {[%clk 0:15:13]} Nbd5
{[%clk 0:11:10]} 26. Nxd5 {[%clk 0:15:27]} Nxd5 {[%clk 0:10:22]} 27. Ra4
{[%clk 0:08:11]} h6 {[%clk 0:08:12]} 28. Bxd6 {[%clk 0:06:19]} cxd6
{[%clk 0:08:37]} 29. Rac4 {[%clk 0:06:17]} Nb4 {[%clk 0:06:23]} 30. Rc7
{[%clk 0:05:12]} Qe4 {[%clk 0:05:54]} 31. Rd2 {[%clk 0:05:25]} Na2
{[%clk 0:04:24]} 32. Qd1 {[%clk 0:03:22]} Rc8 {[%clk 0:03:46]} 33. Rdc2
{[%clk 0:03:19]} Rxc7 {[%clk 0:04:13]} 34. Rxc7 {[%clk 0:03:47]} Rb8
{[%clk 0:04:21]} 35. f3 {[%clk 0:02:30]} Qd5 {[%clk 0:04:20]} 36. Ne3
{[%clk 0:02:07]} Qb5 {[%clk 0:02:49]} 37. Qc2 {[%clk 0:02:25]} g6
{[%clk 0:02:16]} 38. Ng4 {[%clk 0:02:35]} Qxb2 {[%clk 0:00:35]} 39. Nxh6+
{[%clk 0:00:39]} Kg7 {[%clk 0:00:54]} 40. Qxb2 {[%clk 0:00:50]} Rxb2
{[%clk 0:01:12]} 41. Nxf7 {[%clk 0:29:59]} Rxe2 {[%clk 0:30:32]} 42. Ne5+
{[%clk 0:23:32]} Kg8 {[%clk 0:28:58]} 43. Rc8+ {[%clk 0:23:55]} Kg7
{[%clk 0:29:20]} 44. Rc7+ {[%clk 0:24:23]} Kg8 {[%clk 0:29:47]} 45. Nxg6
{[%clk 0:24:49]} Nb4 {[%clk 0:25:40]} 46. h4 {[%clk 0:15:07]} Nd5
{[%clk 0:18:39]} 47. Ne7+ {[%clk 0:15:33]} Nxe7 {[%clk 0:19:05]} 48. Rxe7
{[%clk 0:16:01]} a5 {[%clk 0:17:54]} 49. g4 {[%clk 0:14:49]} e5 {[%clk 0:16:40]}
50. dxe5 {[%clk 0:13:01]} dxe5 {[%clk 0:16:31]} 51. Kf1 {[%clk 0:10:51]}
1-0

[Event "Landsturneringen 2017"]
[Site "Clarion Energy Hotel, Stavanger"]
[Date "2017.07.06"]
[Round "7"]
[White "Christiansen, Johan-Sebastian"]
[Black "Hauge, Lars Oskar"]
[Result "1-0"]
[WhiteElo "2458"]
[BlackElo "2448"]
[PlyCount "129"]

1. c4 {[%clk 1:30:58]} c5 {[%clk 1:29:42]} 2. g3 {[%clk 1:31:03]} Nc6
{[%clk 1:30:01]} 3. Bg2 {[%clk 1:31:29]} g6 {[%clk 1:30:27]} 4. Nf3
{[%clk 1:31:52]} Bg7 {[%clk 1:30:46]} 5. Nc3 {[%clk 1:32:18]} d6 {[%clk 1:31:11]}
6. O-O {[%clk 1:32:32]} Bf5 {[%clk 1:30:14]} 7. d3 {[%clk 1:32:36]} Qd7
{[%clk 1:29:17]} 8. Rb1 {[%clk 1:32:45]} Nf6 {[%clk 1:23:57]} 9. Re1
{[%clk 1:27:22]} O-O {[%clk 1:20:06]} 10. a3 {[%clk 1:26:57]} Rac8
{[%clk 1:16:31]} 11. b4 {[%clk 1:26:26]} b6 {[%clk 1:16:03]} 12. b5
{[%clk 1:15:10]} Nd4 {[%clk 0:53:57]} 13. Nxd4 {[%clk 1:11:41]} cxd4
{[%clk 0:54:14]} 14. Bc6 {[%clk 1:10:37]} Qd8 {[%clk 0:53:11]} 15. Nd5
{[%clk 1:10:11]} Nxd5 {[%clk 0:52:57]} 16. Bxd5 {[%clk 1:10:25]} Be6
{[%clk 0:47:31]} 17. Bf3 {[%clk 1:02:09]} d5 {[%clk 0:46:06]} 18. cxd5
{[%clk 1:02:29]} Bxd5 {[%clk 0:46:28]} 19. Qa4 {[%clk 0:48:08]} Bxf3
{[%clk 0:45:59]} 20. exf3 {[%clk 0:48:27]} Qd7 {[%clk 0:46:14]} 21. Bg5
{[%clk 0:45:55]} e6 {[%clk 0:44:58]} 22. Bd2 {[%clk 0:39:51]} Qb7
{[%clk 0:37:58]} 23. Kg2 {[%clk 0:37:41]} Rc5 {[%clk 0:37:51]} 24. Rbc1
{[%clk 0:36:54]} Rfc8 {[%clk 0:35:48]} 25. Rxc5 {[%clk 0:36:30]} Rxc5
{[%clk 0:30:05]} 26. Rc1 {[%clk 0:36:53]} Bf8 {[%clk 0:27:35]} 27. Rxc5
{[%clk 0:36:07]} Bxc5 {[%clk 0:27:47]} 28. Bb4 {[%clk 0:36:18]} Bxb4
{[%clk 0:27:40]} 29. Qxb4 {[%clk 0:31:38]} Qd5 {[%clk 0:27:12]} 30. a4
{[%clk 0:31:47]} Kg7 {[%clk 0:20:40]} 31. Qe7 {[%clk 0:25:18]} Qa8
{[%clk 0:12:01]} 32. Qd7 {[%clk 0:23:32]} Kg8 {[%clk 0:12:20]} 33. Qxd4
{[%clk 0:23:48]} Qb7 {[%clk 0:12:31]} 34. Qd6 {[%clk 0:23:36]} Kg7
{[%clk 0:12:16]} 35. Qc6 {[%clk 0:23:05]} Qe7 {[%clk 0:12:39]} 36. h4
{[%clk 0:22:00]} h5 {[%clk 0:12:43]} 37. Kh3 {[%clk 0:18:18]} Qf6
{[%clk 0:11:03]} 38. Qe4 {[%clk 0:16:43]} Qe7 {[%clk 0:08:05]} 39. Qe5+
{[%clk 0:15:32]} f6 {[%clk 0:05:59]} 40. Qe4 {[%clk 0:14:40]} Qd7
{[%clk 0:06:07]} 41. Kg2 {[%clk 0:13:21]} Qe7 {[%clk 0:06:19]} 42. Qc6
{[%clk 0:13:08]} Kf7 {[%clk 0:06:41]} 43. Kf1 {[%clk 0:11:43]} Kg7
{[%clk 0:06:43]} 44. Kg1 {[%clk 0:12:02]} Kf7 {[%clk 0:06:58]} 45. Kg2
{[%clk 0:12:30]} Kg7 {[%clk 0:06:42]} 46. Qc8 {[%clk 0:12:38]} Kh7
{[%clk 0:06:41]} 47. d4 {[%clk 0:10:22]} Kg7 {[%clk 0:07:02]} 48. Qc6
{[%clk 0:10:33]} Kf7 {[%clk 0:07:09]} 49. g4 {[%clk 0:02:18]} Kg7
{[%clk 0:06:13]} 50. Qe4 {[%clk 0:29:04]} Qf7 {[%clk 0:36:18]} 51. Qe3
{[%clk 0:23:22]} Qd7 {[%clk 0:36:13]} 52. Qf4 {[%clk 0:22:42]} Qe7
{[%clk 0:34:58]} 53. Kg3 {[%clk 0:21:46]} hxg4 {[%clk 0:30:03]} 54. fxg4
{[%clk 0:20:19]} Qa3+ {[%clk 0:29:13]} 55. Kg2 {[%clk 0:16:38]} Qxa4
{[%clk 0:28:50]} 56. g5 {[%clk 0:07:43]} fxg5 {[%clk 0:29:10]} 57. Qe5+
{[%clk 0:07:47]} Kh7 {[%clk 0:29:18]} 58. hxg5 {[%clk 0:07:57]} Qc4
{[%clk 0:28:13]} 59. Qh2+ {[%clk 0:08:01]} Kg7 {[%clk 0:27:36]} 60. Qh6+
{[%clk 0:08:27]} Kf7 {[%clk 0:27:48]} 61. Qh7+ {[%clk 0:08:46]} Kf8
{[%clk 0:28:01]} 62. Qxg6 {[%clk 0:08:21]} Qd5+ {[%clk 0:27:30]} 63. Kg1
{[%clk 0:08:08]} Qxd4 {[%clk 0:18:47]} 64. Qxe6 {[%clk 0:08:26]} Qh4
{[%clk 0:18:19]} 65. Qh6+ {[%clk 0:08:26]}
1-0

[Event "Landsturneringen 2017"]
[Site "Clarion Energy Hotel, Stavanger"]
[Date "2017.07.06"]
[Round "7"]
[White "Urkedal, Frode Olav Olsen"]
[Black "Risting, Eivind Olav"]
[Result "1-0"]
[WhiteElo "2541"]
[BlackElo "2295"]
[PlyCount "51"]

1. d4 {[%clk 1:30:56]} Nf6 {[%clk 1:30:46]} 2. c4 {[%clk 1:31:21]} e6
{[%clk 1:30:30]} 3. Nf3 {[%clk 1:31:45]} d5 {[%clk 1:30:01]} 4. Nc3
{[%clk 1:32:06]} Be7 {[%clk 1:29:55]} 5. Bf4 {[%clk 1:31:37]} O-O
{[%clk 1:30:02]} 6. e3 {[%clk 1:31:59]} Nbd7 {[%clk 1:29:40]} 7. Be2
{[%clk 1:29:35]} dxc4 {[%clk 1:27:37]} 8. O-O {[%clk 1:29:05]} c5
{[%clk 1:26:31]} 9. Bxc4 {[%clk 1:28:30]} cxd4 {[%clk 1:24:32]} 10. Qxd4
{[%clk 1:26:57]} Nb6 {[%clk 1:20:16]} 11. Bb3 {[%clk 1:26:32]} Qxd4
{[%clk 1:16:36]} 12. Nxd4 {[%clk 1:26:54]} Bd7 {[%clk 1:14:55]} 13. Rfd1
{[%clk 1:23:42]} Rac8 {[%clk 1:14:10]} 14. Ndb5 {[%clk 1:22:18]} a6
{[%clk 0:59:19]} 15. Nd6 {[%clk 1:19:05]} Bxd6 {[%clk 0:59:08]} 16. Bxd6
{[%clk 1:19:06]} Rfe8 {[%clk 0:59:13]} 17. Be5 {[%clk 1:16:09]} Red8
{[%clk 0:49:02]} 18. Rd6 {[%clk 1:12:57]} Bc6 {[%clk 0:44:01]} 19. Rxd8+
{[%clk 1:13:04]} Rxd8 {[%clk 0:43:14]} 20. Bc7 {[%clk 1:13:29]} Rd2
{[%clk 0:43:20]} 21. Bxb6 {[%clk 1:13:52]} Rxb2 {[%clk 0:43:20]} 22. Rd1
{[%clk 1:11:10]} h6 {[%clk 0:43:23]} 23. f3 {[%clk 1:07:04]} Nd7 {[%clk 0:42:56]}
24. Bd4 {[%clk 1:03:16]} e5 {[%clk 0:42:54]} 25. Ba7 {[%clk 1:03:40]} Nf6
{[%clk 0:41:57]} 26. e4 {[%clk 1:00:44]}
1-0